[Event "18th Delhi GM Open 2020"]
[Site "Delhi"]
[Date "2020.01.15"]
[Round "9.21"]
[White "Pranav Vijay"]
[Black "Taher, Yoseph Theolifus"]
[Result "1/2-1/2"]
[WhiteElo "2265"]
[BlackElo "2462"]
[Annotator "TA"]
[PlyCount "62"]
[EventDate "2020.01.09"]
[EventType "swiss"]
[EventCountry "IND"]
[SourceTitle "playchess.com"]
[Source "ChessBase"]
[SourceQuality "1"]

{[%evp 12,62,-18,-23,-15,-18,-10,-10,-39,-16,-31,-39,-10,-43,-8,-11,-10,-7,0,-7,-19,-90,-2,-1,-9,-4,-4,-19,-22,-31,29987,-54,191,-29999,-3,-29,-18,-50,-11,-12,-16,-50,-48,-55,-50,-56,-50,-52,-13,-13,-13,-20,-21]} 1. e4 c5 2. Nf3 g6 3. d4 cxd4 4. Qxd4 Nf6 5. Bb5 a6 6. e5 axb5 7. exf6 Nc6 {B27: Sicilian: 2 Nf3, unusual Black 2nd moves} 8. Qd3 e6 (8... b4 9. O-O e5 10. Nbd2 d6 11. c3 Qxf6 12. Ne4 Qe6 13. Nfg5 Qe7 14. Nxh7 f5 15. Nef6+ {1-0 (31) Sargissian,G (2667)-Salgado Lopez,I (2598) Legnica 2013}) 9. O-O b4 10. Nbd2 d5 11. Re1 Bh6 12. c3 $146 ({Predecessor:} 12. c4 O-O 13. a4 {½-½ (13) Van Willigen,J (2404)-Benko,B (2364) ICCF email 2006}) 12... bxc3 13. Qxc3 O-O 14. Nb3 Bxc1 15. Raxc1 Rxa2 16. Nbd4 (16. Ne5 $11) 16... Nxd4 (16... Nb8 $1 $17) 17. Qxd4 $11 e5 $1 {[%cal Re5d4]} 18. Qxe5 Ra6 19. Nd4 Qxf6 20. Qxf6 ({Not} 20. Qxd5 $2 Rd6 $19) 20... Rd6 $2 {[%mdl 8192]} (20... Rxf6 $15 21. Rc7 Rb6) 21. Qe6 $2 (21. Qxd6 Kg7 {[#]} 22. Re7 $1 {[%mdl 512]} b6 23. Qe5+ Kh6 24. Qf6 $1 {[%mdl 512]} Bg4 25. h4 Bc8 26. Re5 Rg8 27. Rh5+ $1 {[%mdl 576] Decoy} Kxh5 28. Qg5#) 21... Rxe6 $2 (21... Bxe6 $15 {keeps the upper hand.} 22. Rc7 Rb6) 22. Rc5 $4 {[%mdl 8192]} (22. Nxe6 $18 Bxe6 23. Rc7) 22... Rd6 $2 (22... Rxe1# {mates}) 23. b4 Be6 24. Ra1 Ra6 (24... Rb6 {with more complications.} 25. b5 Kg7 26. Kf1 Kf6 27. Ke2 Ke7) 25. Rxa6 bxa6 {[%mdl 4096] Endgame KRB-KRN} 26. Nc6 Kg7 27. f4 Rc8 28. Kf2 Bd7 29. Nd4 Rxc5 30. bxc5 Kf6 31. Ke3 Ke7 {Accuracy: White = 39%, Black = 51%.} 1/2-1/2

[Event "18th Delhi GM Open 2020"]
[Site "Delhi"]
[Date "2020.01.15"]
[Round "9.22"]
[White "Anadkat Kartavya"]
[Black "Lugovskoy, Maxim"]
[Result "0-1"]
[WhiteElo "2082"]
[BlackElo "2453"]
[Annotator "TA"]
[PlyCount "174"]
[EventDate "2020.01.09"]
[EventType "swiss"]
[EventCountry "IND"]
[SourceTitle "playchess.com"]
[Source "ChessBase"]
[SourceQuality "1"]

{[%evp 10,174,0,0,7,2,14,4,6,10,21,18,26,11,31,9,14,6,23,0,0,-62,6,3,6,0,4,0,0,0,0,0,0,0,0,0,0,0,0,0,0,0,22,22,22,17,18,0,0,0,7,0,0,0,0,0,0,0,0,-12,-19,-10,0,0,7,0,8,0,0,0,0,0,0,0,0,0,0,0,0,0,0,0,0,0,0,0,0,0,0,0,18,0,0,0,0,0,0,0,0,0,0,0,0,0,0,0,141,0,43,0,0,-70,-85,-372,-374,-335,-352,-295,-127,-112,-112,-404,-404,-404,-393,-351,-338,-362,-324,-354,-329,-338,-345,-345,-339,-328,-320,-320,-320,-305,-295,-268,-246,-4554,-2144,-4606,-4606,-2712,-2102,-5704,-5704,-5081,-4627,-5600,-3986,-29966,-29970,-29978,-29979,-29979,-29980,-29980,-29981,-29981,-29982,-29982,-29983]} 1. e4 e6 2. d4 d5 3. Nc3 Nf6 4. e5 Nfd7 5. f4 c5 6. Nf3 Be7 {C11: French: Classical System: 4 e5 and 4 Bg5 dxe4} (6... Nc6 7. Be3 a6 8. Qd2 b5 9. Be2 Be7 10. O-O O-O 11. a3 b4 12. axb4 Nxb4 13. dxc5 Nxc5 14. Nd4 Bd7 15. Bf3 Qc7 16. g3 Rab8 17. Rfe1 {1-0 (48) Giri,A (2769)-Jumabayev,R (2646) Moscow 2019}) 7. Be3 b6 8. Qd2 O-O {The position is equal.} 9. Be2 Ba6 10. Bxa6 Nxa6 11. O-O Rc8 $146 ({Predecessor:} 11... Nb4 12. Ne2 Nc6 13. g4 f5 14. gxf5 Rxf5 15. Ng3 Rf8 16. c3 c4 17. Kh1 g6 {½-½ (17) Klausch,U (1837)-Bildat,J (2044) Hamburg 2014}) 12. Nd1 Nb4 13. c3 Nc6 14. f5 exf5 15. Bf2 (15. Bf4 $1 $11) 15... Re8 ({Better is} 15... f6 $15 16. e6 Nde5) 16. Ne3 $11 f6 {[%cal Rf6e5]} 17. Nxf5 {Black should prevent exf6.} fxe5 18. dxe5 (18. dxc5 {looks sharper.} Nxc5 19. Nxe7+ Rxe7 20. Bh4 Ne4 21. Bxe7 Nxd2 22. Bxd8 Nxf1 23. Bg5) 18... Ndxe5 19. Nxe5 Nxe5 20. Nxe7+ Qxe7 ({Wrong is} 20... Rxe7 $2 21. Bh4 $18) 21. Qxd5+ Qe6 22. Qxe6+ Rxe6 23. Rfe1 Rce8 24. Rad1 c4 25. b3 b5 26. bxc4 bxc4 27. Rb1 a6 28. Re4 Nd3 29. Rxc4 Re2 30. Bg3 Rxa2 31. Rd4 Nc5 32. Rc4 Nd7 33. Rd4 Nf6 34. Rb8 Rxb8 35. Bxb8 {[%mdl 4096] Endgame KRB-KRN} Re2 36. Kf1 Re6 (36... Ra2 {with more complications.} 37. Kg1) 37. Bg3 g5 38. Ra4 Kf7 39. Bf2 Kg6 40. Bd4 Ne4 41. Rb4 h5 42. Rb8 h4 43. Rg8+ Kf5 44. Rf8+ Kg4 45. Kg1 Re7 46. Rb8 Rf7 47. Rb2 a5 48. Ra2 Rf5 49. c4 Kf4 50. c5 Rd5 51. Ra4 Kf5 52. c6 Ke6 53. Rc4 Nd6 54. Ra4 Ne4 55. Rc4 Rb5 {[#] ( -> ...Rb1+)} 56. Rc1 {Strongly threatening c7.} Nd6 57. Ra1 Ne4 (57... Kd5 $11 {keeps the balance.} 58. Bc3 Kxc6) 58. Rc1 (58. Re1 $16) 58... Rd5 59. c7 (59. Bb6 {is interesting.} Nd6 60. Re1+ Kf5 61. Ra1 a4 62. Rxa4 Rd1+ 63. Kf2) 59... Nd6 60. c8=Q+ (60. Bc5 $11 Nc8 61. Kf2) 60... Nxc8 $15 61. Rxc8 $2 {[%mdl 8192]} (61. Rc4 $17 {is a better defense.}) 61... Rxd4 {KR-KR} 62. Ra8 a4 63. Kf2 Rb4 (63... Kf5 $19 {has better winning chances.} 64. Ke3 Re4+ 65. Kd2 Rd4+ 66. Ke3 Re4+ 67. Kd2 Rg4 68. Ra5+ Ke6) 64. Ra5 $17 g4 65. h3 $2 {[%mdl 8192]} (65. Ke2 $17 {was worth a try.}) 65... g3+ $19 66. Kf3 Kd6 67. Ke3 Kc6 68. Kd3 Kb6 69. Ra8 Kb5 70. Rb8+ Kc5 71. Rc8+ Kd5 72. Rd8+ Kc6 73. Ra8 Kc7 74. Ra7+ Kb8 75. Ra5 Kb7 76. Ke3 $2 (76. Kc3 Rb3+ 77. Kc2) 76... Kb6 77. Ra8 Kb5 78. Kd3 Rb3+ 79. Kc2 Kb4 80. Rh8 Rc3+ 81. Kd2 Rc4 82. Kd3 {[#]} Kb3 $1 {Black mates.} 83. Rb8+ Rb4 84. Rc8 a3 {[%cal Ba4a3,Ba3a2][%mdl 32]} 85. Rc3+ Kb2 86. Rc2+ Kb1 87. Re2 a2 {Accuracy: White = 53%, Black = 63%.} 0-1

[Event "18th Delhi GM Open 2020"]
[Site "Delhi"]
[Date "2020.01.15"]
[Round "9.23"]
[White "Krishna C R G"]
[Black "Varun, Vij"]
[Result "1-0"]
[WhiteElo "2436"]
[BlackElo "1964"]
[Annotator "TA"]
[PlyCount "63"]
[EventDate "2020.01.09"]
[EventType "swiss"]
[EventCountry "IND"]
[SourceTitle "playchess.com"]
[Source "ChessBase"]
[SourceQuality "1"]

{[%evp 12,63,26,19,10,10,23,19,18,22,35,-11,53,16,17,32,34,39,39,41,85,38,125,-65,76,0,122,119,132,135,113,112,113,127,130,120,114,133,125,126,225,214,202,207,556,564,555,565,599,613,1108,1089,1639,1645]} 1. d4 Nf6 2. Nf3 g6 3. g3 Bg7 4. Bg2 O-O 5. O-O d6 6. a4 c6 7. a5 Qc7 {A49: 1 d4 Nf6 2 Nf3 g6 3 g3: Anti-King's Indian systems} (7... Bf5 8. Nc3 Ne4 9. Nxe4 Bxe4 10. e3 Na6 11. c4 d5 12. b3 c5 13. Bb2 Rc8 14. Ne5 Bxg2 15. Kxg2 cxd4 16. Bxd4 {1-0 (41) Vastrukhin,O (2428)-Bosiocic,M (2623) Moscow 2019}) 8. Nc3 Bg4 9. h3 Bxf3 {The position is equal.} 10. Bxf3 Nbd7 $146 ({Predecessor:} 10... Na6 11. e4 e5 12. dxe5 dxe5 13. Be3 Qc8 14. Bg2 Nc7 {0-1 (40) Girdlestone,P (2127)-Pleasants,A (2080) Hinckley Island 2009}) 11. Bg2 e5 ({Black should play} 11... d5 $11) 12. dxe5 Nxe5 13. e4 Nfd7 14. Qe2 $36 {[%mdl 2048] Threatens to win with f4. White has some pressure.} Nc5 15. Be3 Ned7 16. Rfd1 Rae8 (16... Bxc3 $14 17. bxc3 Rfe8) 17. Rf1 $2 (17. Qd2 $1 $16) 17... Rc8 (17... Bxc3 $1 $15 {stays ahead.} 18. bxc3 Nxe4) 18. Rfd1 Rce8 19. Qd2 $1 Re6 {[#]} 20. b4 $1 {[%cal Rb4c5]} Na6 21. Rab1 b5 22. axb6 Nxb6 23. Qd3 Nb8 24. Ne2 N8d7 25. Nf4 Rf6 (25... Re7 $16) 26. Bd4 $18 Ne5 {[#]} 27. Qc3 $1 {Nd5! is the strong threat.} Bh6 $2 {[#]} (27... Rc8 28. Ne2 Qe7) 28. Nd5 $1 {[%mdl 512] White is clearly winning.} Nxd5 (28... cxd5 29. Qxc7) 29. exd5 Rf5 30. dxc6 f6 31. Ra1 Ra8 32. b5 {Accuracy: White = 60%, Black = 32%.} 1-0

[Event "18th Delhi GM Open 2020"]
[Site "Delhi"]
[Date "2020.01.15"]
[Round "9.24"]
[White "Jain Kashish Manoj"]
[Black "Rahman, Ziaur"]
[Result "1-0"]
[WhiteElo "1962"]
[BlackElo "2434"]
[Annotator "TA"]
[PlyCount "103"]
[EventDate "2020.01.09"]
[EventType "swiss"]
[EventCountry "IND"]
[SourceTitle "playchess.com"]
[Source "ChessBase"]
[SourceQuality "1"]

{[%evp 11,131,43,45,29,62,21,27,37,35,40,43,31,73,60,84,74,86,87,112,125,126,87,73,14,44,39,48,45,43,36,48,37,52,29,98,72,133,102,161,94,137,121,166,187,164,104,95,87,84,48,96,92,111,114,135,133,190,196,196,196,212,118,87,122,97,112,96,114,91,96,171,0,119,125,116,63,121,131,130,120,178,190,160,58,240,236,349,87,149,16,6,-102,-45,-5869,279,-29991,209,-410,-17,-290,-180,-1150,-101,-1485,373,-85,-29,-82,0,-7,-8,-11,-15,-55,-55,-55,-55,-270,-55,-55,-52,-262]} 1. e4 g6 2. d4 Bg7 3. Nc3 d6 4. Nf3 a6 5. Be2 b5 6. O-O Bb7 7. e5 {B06: Modern Defence} (7. Re1 Nd7 8. a4 b4 9. Na2 a5 10. c3 c5 11. dxc5 dxc5 12. Bb5 Ngf6 13. e5 Nd5 14. e6 fxe6 15. Ng5 Nc7 16. Nxe6 Nxe6 17. Rxe6 Qc7 18. Bf4 Qc8 19. Rxe7+ {1-0 (19) Nepomniachtchi,I (2767)-Can,E (2600) Moscow 2019}) 7... Nh6 $146 ({Predecessor:} 7... b4 8. Na4 e6 9. a3 bxa3 10. Rxa3 Ne7 11. Bf4 O-O 12. Qc1 Nf5 13. Rd1 h5 14. h3 Nd7 {1-0 (38) Solodovnichenko,Y (2577)-Hillarp Persson,T (2552) Vaxjo 2015}) 8. Bd3 O-O 9. Bf4 {White has an edge.} Nc6 10. Be4 Rb8 11. Qe2 Kh8 12. Rad1 Qd7 13. Rfe1 Ng8 14. Qe3 Na5 15. Bxb7 Nxb7 16. Ng5 {Nxf7+ is the strong threat.} Nd8 17. Rd3 (17. h3 $16) 17... f6 18. e6 Qe8 19. Nf3 g5 20. Bg3 $36 {[%mdl 2048] White is more active.} Bh6 21. Nd2 b4 22. Ne2 $1 Qa4 (22... f5 $11 23. f4 g4) 23. b3 Qb5 (23... Qxa2 $142 24. d5 c6) 24. d5 Nb7 (24... f5 $16 {is a better defense.}) 25. Nc4 (25. Ne4 $18) 25... f5 26. f4 gxf4 27. Bxf4 ({Weaker is} 27. Nxf4 Nc5 $11) 27... Bg7 28. Qf3 (28. Qh3 $18) 28... Nc5 $16 29. Rdd1 Ne4 30. Ng3 Nxg3 31. Bxg3 ({Much worse is} 31. Qxg3 $6 Nf6 $11) 31... Nf6 32. Qxf5 c6 {[%cal Rf6d5]} 33. Nxd6 $1 Qc5+ (33... exd6 $16 {was necessary.} 34. e7 Rg8) 34. Kh1 $1 $18 exd6 35. e7 Rg8 {[%cal Rc6d5]} 36. Re6 (36. Bf2 $1 $18 {[%cal Rf2c5]} Qa5 37. Bd4 Qxd5 38. Qxf6 $1 {[%mdl 512]}) 36... Ne8 $16 37. Bf2 Qc3 38. Rh6 $1 {[%cal Rh6h7]} Bxh6 39. Bd4+ {[#]} Qxd4 $1 40. Rxd4 Rb5 (40... Rb7 $16) 41. Qh3 $2 (41. Qd3 $1 $18) 41... Bg5 (41... Bg7 $1 $11 42. Rh4 Nf6) 42. dxc6 {Threatens to win with Re4.} Re5 {[%cal Re5e1]} 43. Rd1 (43. g3 $1 $16) 43... Rxe7 (43... Bxe7 $14 44. g3 Nf6) 44. Qd3 a5 45. c3 {[%mdl 1024] White has strong compensation.} Bf6 (45... Re5 $16) 46. cxb4 $18 axb4 47. g3 (47. Qc4 $16) 47... Bg7 $2 (47... Rg5 $14) 48. Qc4 Nf6 (48... Ra7 $142 49. Qxb4 Rxa2) 49. Rf1 $2 ({Less strong is} 49. Qxb4 Ne4 $16) (49. Rxd6 $18 {Black must now prevent c7.} Rc8 50. Qxb4) 49... Rc8 (49... Rc7 $142) 50. Qxb4 (50. Rc1 $16) 50... Rxc6 $11 51. Qh4 (51. Re1 $11 {remains equal.} Rf7 52. Rf1) 51... d5 (51... Rc2 $17 52. Kg1 Re4) 52. Qf4 {Played: Rf1-e1} 1-0

[Event "18th Delhi GM Open 2020"]
[Site "Delhi"]
[Date "2020.01.15"]
[Round "9.25"]
[White "Hesham, Abdelrahman"]
[Black "Vaibhav Jayant Raut"]
[Result "0-1"]
[WhiteElo "2429"]
[BlackElo "1969"]
[Annotator "TA"]
[PlyCount "30"]
[EventDate "2020.01.09"]
[EventType "swiss"]
[EventCountry "IND"]
[SourceTitle "playchess.com"]
[Source "ChessBase"]
[SourceQuality "1"]

{[%evp 9,30,-39,-46,-145,-134,-138,52,47,74,64,71,37,54,6,47,56,58,-84,77,-47,68,-88,23]} 1. d4 Nf6 2. c4 e6 3. Nf3 b6 4. g3 Bb7 5. Qb3 (5. Bg2 Be7 6. Nc3 Ne4 7. Bd2 O-O 8. d5 Nxc3 9. Bxc3 Bf6 10. Nd4 c5 11. Nb5 Bxc3+ 12. Nxc3 d6 13. O-O e5 14. f4 exf4 15. gxf4 Nd7 16. e4 a6 17. Qg4 {1-0 (36) Grischuk,A (2777)-Duda,J (2758) Moscow 2019}) 5... c5 $146 ({Predecessor:} 5... d5 6. cxd5 Qxd5 7. e3 c5 8. Nc3 Qd8 9. Bg2 Be7 10. O-O cxd4 11. Nxd4 Bxg2 12. Kxg2 {½-½ (12) Erenberg,A (2225)-Aguiar,H (2208) Budapest 2014}) 6. d5 {E16: Queen's Indian: 4 g3 Bb7 5 Bg2 Bb4+} ({White should play} 6. dxc5 $15 Bxc5 7. Be3) 6... exd5 $17 7. cxd5 d6 $2 {[#]} (7... Bxd5 $17 8. Qd1 Bb7) 8. Nc3 $14 {White is slightly better.} Nbd7 9. e4 Be7 10. Bg2 O-O 11. h3 Re8 12. O-O Bf8 13. Bf4 (13. Re1 $14 {stays ahead.}) 13... Qb8 $2 {[#]} (13... Nxe4 $17 {keeps the pressure on.} 14. Rfe1 Ndf6) 14. g4 (14. Nd2 $16) 14... g6 ({Better is} 14... Nxe4 $15 15. Rfe1 Nxc3 16. bxc3 Qc7) 15. Bg3 $2 (15. Nd2 $14 {keeps the upper hand.}) 15... Qc8 {[%mdl 32768] Accuracy: White = 23%, Black = 13%. . Loss on time!?} (15... Nxe4 $17 16. Nxe4 Rxe4) 0-1

[Event "18th Delhi GM Open 2020"]
[Site "Delhi"]
[Date "2020.01.15"]
[Round "9.26"]
[White "Gandhi, Anish"]
[Black "Goganov, Aleksey"]
[Result "0-1"]
[WhiteElo "2168"]
[BlackElo "2583"]
[Annotator "TA"]
[PlyCount "64"]
[EventDate "2020.01.09"]
[EventType "swiss"]
[EventCountry "IND"]
[SourceTitle "playchess.com"]
[Source "ChessBase"]
[SourceQuality "1"]

{[%evp 11,64,34,44,29,31,14,23,0,0,0,0,0,0,0,0,0,19,17,160,135,315,312,315,280,256,180,170,146,143,-70,-52,-177,-188,-171,-180,-170,-145,-223,-212,-201,-217,-772,-743,-772,-764,-757,-757,-706,-692,-654,-388,-397,-367,-352,-346]} 1. e4 c5 2. Nf3 e6 3. d4 cxd4 4. Nxd4 Nc6 5. Nc3 Qc7 6. Be3 a6 7. Qf3 {B48: Sicilian: Taimanov: 5 Nc3 Qc7 6 Be3 a6 without Be2} Bd6 (7... Ne5 8. Qg3 h5 9. Bg5 f6 10. Bf4 Ne7 11. O-O-O Kf7 12. Bxe5 Qxe5 13. f4 h4 14. Qe3 Qc7 {1-0 (35) Ding,L (2811)-Shankland,S (2705) chess.com INT 2019}) 8. O-O-O Be5 $1 9. Nde2 {White has an edge.} b5 $146 {[%cal Bb7b5,Bb5b4][%mdl 32]} ({Predecessor:} 9... Nge7 10. Qh5 O-O 11. f4 g6 12. Qh4 Bg7 13. g4 d5 14. f5 d4 15. Nxd4 Nxd4 16. Rxd4 Bxd4 17. Bxd4 {1-0 (44) Morozevich,A (2656)-Chigaev,M (2593) Kazan 2018}) 10. Qh3 Qa5 $1 11. f4 Bxc3 $1 12. Nxc3 b4 $1 {[%cal Rb4c3]} 13. Nb1 $36 {[%mdl 2048] White has some pressure.} Qxa2 14. Qg3 g6 {[#]} (14... Nge7 $11 {keeps the balance.}) 15. f5 $1 $16 {[%mdl 1024] White has strong compensation.} e5 $2 (15... Qa5 $16 {is a better defense.}) 16. b3 $18 Bb7 17. Bc4 O-O-O 18. Bb6 (18. Bxf7 $6 Kb8 $16) 18... Nf6 19. Qd3 {Hoping for fxg6.} gxf5 20. Bxf7 $2 (20. Qd6 $6 Ne8 $11) (20. Rhf1 $16 f4 21. Bxf7 (21. Qd6 Ne8 $11)) 20... Nxe4 $15 21. Rhf1 (21. Bd5 $15 Kb8 22. Bxe4 fxe4 23. Qxe4) 21... Qa1 $19 22. Rde1 {[#] And now Rxe4 would win.} d5 $1 {...Rd6 is the strong threat.} 23. Be6+ (23. Bxd5 Nc3) 23... Kb8 24. Bxd8 (24. Bxf5 $17 Nd6 25. Bxd8 Rxd8 26. Qg3) 24... Rxd8 ({Stronger than} 24... Nxd8 25. Bxf5 Nc3 26. Kd2 $14) 25. Bxf5 Nd4 26. Rxe4 $2 (26. Bxe4 Rc8 27. Bf5 (27. Bxh7 $2 e4 $19)) 26... dxe4 27. Bxe4 Rc8 {Strongly threatening ...Bxe4.} 28. Bxb7 Rxc2+ ({Not} 28... Kxb7 29. Qe4+ Rc6 30. Qd5 $17) 29. Qxc2 Nxc2 30. Kxc2 Kxb7 31. Nd2 Qc3+ 32. Kd1 {[#]} e4 $1 {Accuracy: White = 49%, Black = 63%.} 0-1

[Event "18th Delhi GM Open 2020"]
[Site "Delhi"]
[Date "2020.01.15"]
[Round "9.27"]
[White "Bogdanovich, Stanislav"]
[Black "Kiran, Manisha Mohanty"]
[Result "1-0"]
[WhiteElo "2562"]
[BlackElo "2133"]
[Annotator "TA"]
[PlyCount "133"]
[EventDate "2020.01.09"]
[EventType "swiss"]
[EventCountry "IND"]
[SourceTitle "playchess.com"]
[Source "ChessBase"]
[SourceQuality "1"]

{[%evp 9,133,31,32,32,27,27,20,27,16,17,29,8,18,0,10,-1,-5,-5,-2,-5,8,0,10,7,0,4,51,33,70,56,77,0,0,0,7,0,0,0,8,8,16,0,0,0,0,0,109,0,0,0,0,0,0,0,0,0,0,0,0,0,0,0,0,0,0,0,0,0,0,-12,35,-54,0,0,182,0,0,0,0,0,0,0,0,0,0,-58,0,0,0,0,0,0,0,0,0,0,0,0,106,144,116,136,120,99,613,555,958,362,1349,1391,1345,1238,710,710,12838,12838,12839,12839,12845,12845,12846,12847,12846,12847,12847,12847]} 1. e4 c5 2. Nf3 d6 3. Bb5+ Nd7 4. c3 Ngf6 5. Bd3 b6 (5... e6 6. O-O b6 7. Bc2 Bb7 8. Re1 Be7 9. d4 O-O 10. Nbd2 cxd4 11. cxd4 Rc8 12. Nf1 d5 {0-1 (20) Vachier Lagrave,M (2774)-Wei,Y (2721) chess.com INT 2019}) 6. O-O {B51: Sicilian: Moscow Variation (3 Bb5+) without 3...Bd7} Bb7 7. Re1 Rc8 8. Bc2 {The position is equal.} Qc7 9. d3 e6 $146 ({Predecessor:} 9... g6 10. a4 Bg7 11. Na3 e5 12. d4 cxd4 {½-½ (47) Palac,M (2573)-Brkic,A (2552) Valpovo 2017}) 10. Nbd2 Be7 11. Nf1 O-O 12. Ng3 Ne5 13. Ng5 h6 14. Nh3 Rfe8 15. f4 Ned7 16. f5 Bf8 17. fxe6 fxe6 18. Nf4 Ne5 19. Rf1 d5 20. Nfh5 (20. Ba4 $16) 20... Nxh5 $11 21. Qxh5 dxe4 22. Nxe4 Bxe4 23. dxe4 c4 24. Kh1 Bd6 25. Bf4 Rf8 26. Bg3 Nd3 27. e5 Rxf1+ $1 28. Rxf1 Rf8 $1 {[%cal Rf8f1]} 29. Rxf8+ Bxf8 30. Qg6 Qd7 31. b4 Qd5 32. h3 a5 33. a3 axb4 34. axb4 b5 35. Kh2 Be7 36. Qe8+ Bf8 37. Bd1 Nxe5 38. Bh5 g6 $1 {[%cal Rg6h5]} 39. Be2 Qd7 40. Qa8 (40. Qxd7 $1 $14 Nxd7 41. Bf3) 40... Qc6 ({Better is} 40... Nc6 $1 $15) 41. Qb8 Nd7 $2 (41... Nf7 $11 {and Black stays safe.}) 42. Qe8 $2 ({White has to play} 42. Qd8 $1 $18 e5 43. Qe8) 42... Ne5 $1 43. Qb8 Nf7 44. Bf3 Qd7 45. Qa8 Qd8 46. Qe4 Qf6 {...Ng5 is the strong threat.} 47. Bg4 (47. Qe3 $11) 47... Bd6 (47... Ng5 $15 48. Qe3 h5) 48. Bxd6 Nxd6 49. Bxe6+ {[#]} Kg7 $1 {[%mdl 512]} 50. Qe3 g5 51. g3 h5 52. Kg2 Nf7 (52... h4 {looks sharper.} 53. g4 Nf7 54. Bd5 Ne5 55. Qd4 Kh6) 53. Bd5 Qe5 {[#]} (53... Nd6 $11 {keeps the balance.}) 54. Qxe5+ $1 $16 Nxe5 {[%mdl 4096] Endgame KB-KN} 55. Kf2 Kf6 56. Ke3 {aiming for Kd4.} Kf5 $2 {[%mdl 8192]} (56... h4 $16) 57. Kd4 $18 h4 58. Be4+ $2 (58. gxh4 gxh4 59. Kc5) 58... Ke6 $2 {[#]} (58... Kf6 59. gxh4 gxh4) 59. gxh4 $1 {White is clearly winning.} gxh4 60. Kc5 Nd3+ 61. Kxb5 Nf4 62. Kc6 Ke5 63. Bh1 Nxh3 64. b5 {[%cal Bb4b5,Bb5b6,Bb6b7][%mdl 32]} Ng5 65. b6 Nf7 66. b7 Nd8+ 67. Kc5 {Accuracy: White = 66%, Black = 54%.} 1-0

[Event "18th Delhi GM Open 2020"]
[Site "Delhi"]
[Date "2020.01.16"]
[Round "10.1"]
[White "Gupta, Abhijeet"]
[Black "Aleksandrov, Aleksej"]
[Result "1-0"]
[WhiteElo "2603"]
[BlackElo "2592"]
[Annotator "TA"]
[PlyCount "73"]
[EventDate "2020.01.09"]
[EventType "swiss"]
[EventCountry "IND"]
[SourceTitle "playchess.com"]
[Source "ChessBase"]
[SourceQuality "1"]

{[%evp 10,73,-13,-8,0,2,22,24,33,12,22,14,40,14,14,14,12,10,17,0,29,14,29,24,42,39,117,135,141,137,125,154,128,120,147,139,128,134,594,333,475,461,681,643,768,753,756,731,915,906,882,826,760,441,432,423,539,543,653,667,964,964,961,954,901,802]} 1. d4 Nf6 2. c4 e6 3. Nc3 Bb4 4. f3 O-O 5. a3 Bxc3+ 6. bxc3 Nh5 {E27: Nimzo-Indian: Sämisch: 5...0-0 6 f3} (6... c5 7. e4 Nc6 8. Be3 b6 9. Bd3 Ba6 10. Nh3 Na5 11. Bg5 h6 12. Bh4 Qc7 13. Bxf6 gxf6 14. Qd2 Kg7 {1-0 (29) Carlsen,M (2882)-Karjakin,S (2750) Saint Louis 2019}) 7. Nh3 f5 8. e4 fxe4 {White has an edge.} 9. Bg5 Nf6 10. Nf2 h6 11. Bxf6 $146 ({Predecessor:} 11. Bh4 Qe8 12. Bxf6 Rxf6 13. Nxe4 Rf8 14. Bd3 {1-0 (24) Tran,T (2524)-Sangma,R (2289) Mumbai 2018}) 11... Qxf6 12. Nxe4 Qf4 13. Be2 Qe3 14. Qc2 b6 (14... Nc6 {keeps more tension.} 15. Rd1 d6 16. Rd3 Qf4 17. Qa2 Kh8) 15. Nf2 Nc6 16. O-O Ba6 17. Rae1 Na5 ({Better is} 17... Qg5 $14) 18. Bd3 $16 Qg5 19. Re5 Qe7 {[#]} 20. Qe2 $1 $36 {[%mdl 2048] White is in control.} Nc6 21. Rh5 {Black must now prevent Qe4.} Qf7 22. Rh3 Ne7 23. Ng4 Qe8 $2 {[%mdl 8192]} (23... Nf5 $16) 24. Qd2 {[#] And now Nxh6+! would win.} Rf7 (24... Nf5 $142 25. Bxf5 Rxf5 26. Nxh6+ gxh6) 25. Re1 $18 {White is clearly winning.} Rd8 (25... Kf8 $142 26. d5 Rd8) 26. Rg3 h5 27. Nh6+ Kf8 28. Qg5 d5 29. Rxe6 Bxc4 30. Bxc4 dxc4 31. Nxf7 Qxf7 32. Re5 Rd6 33. Rh3 g6 34. Rh4 Ke8 35. Rf4 Qg7 36. Rfe4 {[%cal Re5e7]} Rd7 37. Re6 {Accuracy: White = 81%, Black = 23%.} 1-0